Contoh seorang pemimpin sejati

Bibliographic Details
Main Author: Muhammad Firdaus
Corporate Author: Title
Format: Book
Published: Pulau Pinang : Goal Intelligent Publishing , 2006
Series:Koleksi cerita sejarah moral islam
Subjects:

MARC

LEADER 00000cam a2200000 7i4500
001 0000002313
005 20151222.0
008 070711
020 |a 9833730099 
090 0 0 |a JF   |b AD MAL (2595) 
100 0 |a Muhammad Firdaus 
245 1 0 |a Contoh seorang pemimpin sejati   |c Muhammad Firdaus 
260 |a Pulau Pinang :   |b Goal Intelligent Publishing ,   |c 2006 
440 0 |a Koleksi cerita sejarah moral islam 
500 |a Children ages 7-9 years old (orange) 
650 0 |a Adventure 
650 0 |a Children's stories, Malay 
650 0 |a Malay fiction 
710 0 |a Title 
999 |a 0000968848   |b Book   |c Children Collection   |e Cawangan Bandar Tenggara 
999 |a 0000968849   |b Book   |c Children Collection   |e Perbadanan Perpustakaan Awam Johor 
999 |a 0000968850   |b Book   |c Children Collection   |e Cawangan Bandar Penawar 
999 |a 0000968851   |b Book   |c Children Collection   |e Perbadanan Perpustakaan Awam Johor 
999 |a 0000968852   |b Book   |c Children Collection   |e Cawangan Batu Pahat 
999 |a 0001078860   |b Book   |c Children Collection   |e Cawangan Mersing 
999 |a 0001134511   |b Book   |c Children Collection   |e Cawangan Pontian 
999 |a 0001134513   |b Book   |c Children Collection   |e Cawangan Mersing